[Event "XXIX European Club Cup"]
[Site "Rodi GRE"]
[Date "2013.10.25"]
[Round "6"]
[White "Moen, Andreas"]
[Black "Rusev, Krasimir"]
[WhiteElo "2390"]
[BlackElo "2556"]
[Result "0-1"]
[PlyCount "116"]
[EventDate "2013.10.20"]

1. e4 d5 2. exd5 Qxd5 3. Nf3 Bg4 4. Be2 Nc6 5. O-O O-O-O 6. h3 Bh5 7. Nc3 Qd7
8. b4 e5 9. Nxe5 Nxe5 10. Bxh5 Bxb4 11. Ne4 Qd4 12. Rb1 Qxe4 13. Re1 Qd4 14.
Bb2 Qxd2 15. Qxd2 Bxd2 16. Rxe5 f6 17. Re2 Nh6 18. Re7 Rhg8 19. Bf3 b6 20. c4
Bb4 21. Re4 Bc5 22. Rh4 Rd2 23. Kh1 Bxf2 24. Rh5 Be3 25. Bc1 Rd3 26. Be2 Rc3
27. Bb2 Rc2 28. Bd3 Rd2 29. Bxh7 Rgd8 30. Rb5 Rd1+ 31. Rxd1 Rxd1+ 32. Kh2 Bf4+
33. g3 Rd2+ 34. Kg1 Bxg3 35. Rb3 Bd6 36. a4 a5 37. Kf1 Nf7 38. Ke1 Rh2 39. Bf5+
Kd8 40. Bd4 Bb4+ 41. Kf1 Nd6 42. Be6 Bc5 43. Bxc5 bxc5 44. Rb8+ Ke7 45. Bd5 Ra2
46. Rg8 Nf5 47. Bc6 Kd6 48. Be8 g5 49. Kg1 Ke5 50. Bd7 Nd4 51. Ra8 Kf4 52. Kf1
Nf3 53. Bc6 Nd2+ 54. Ke1 Nxc4 55. Bb5 Ne5 56. Rxa5 c6 57. Ba6 c4 58. Kd1 Ke3
0-1

[Event "XXIX European Club Cup"]
[Site "Rodi GRE"]
[Date "2013.10.25"]
[Round "6"]
[White "Persson, Mats"]
[Black "Costantini, Roberto"]
[WhiteElo "2238"]
[BlackElo "2300"]
[Result "1/2-1/2"]
[PlyCount "85"]
[EventDate "2013.10.20"]

1. d4 d5 2. Nf3 Nf6 3. g3 e6 4. Bg2 b5 5. O-O Bb7 6. c3 c5 7. a4 b4 8. cxb4
cxb4 9. Bg5 Nbd7 10. Nbd2 Bd6 11. Re1 h6 12. Bxf6 Nxf6 13. Nb3 Rc8 14. e3 Ba6
15. Bf1 Bxf1 16. Kxf1 Ne4 17. Nfd2 h5 18. Nxe4 dxe4 19. Nd2 f5 20. Qb3 Ke7 21.
Rac1 h4 22. Rxc8 Qxc8 23. Nc4 a5 24. Nxa5 hxg3 25. hxg3 Rh2 26. Nc4 Bxg3 27.
Qxb4+ Kf6 28. Ke2 Bxf2 29. Rf1 Bxe3+ 30. Kxe3 Qh8 31. Rxf5+ Kxf5 32. Qc5+ Kg4
33. Ne5+ Kg3 34. Qc3 Qf8 35. Kxe4+ Kg2 36. Qd2+ Kh1 37. Qe1+ Kg2 38. Qe2+ Kh1
39. Qd1+ Kg2 40. Qe2+ Kh1 41. Qd1+ Kg2 42. Qg4+ Kf1 43. Qd1+ 1/2-1/2

[Event "XXIX European Club Cup"]
[Site "Rodi GRE"]
[Date "2013.10.25"]
[Round "6"]
[White "Ronchetti, Niccolo'"]
[Black "Stubberud, Ornulf"]
[WhiteElo "2450"]
[BlackElo "2327"]
[Result "1-0"]
[PlyCount "69"]
[EventDate "2013.10.20"]

1. e4 d6 2. d4 Nf6 3. Nc3 g6 4. f4 Bg7 5. Nf3 O-O 6. Bd3 Na6 7. O-O c5 8. d5
Bg4 9. Kh1 Nc7 10. Qe1 Bxf3 11. Rxf3 Nd7 12. Bd2 a6 13. a4 b6 14. Qe2 Qc8 15.
Raf1 Rb8 16. Rh3 Rd8 17. Qg4 Nf6 18. Qh4 Qg4 19. Qf2 Qd7 20. e5 Nfxd5 21. Qh4
h6 22. e6 Qxe6 23. f5 Qf6 24. fxg6 Qxh4 25. gxf7+ Kf8 26. Rxh4 Nf6 27. Bg6 d5
28. Rxh6 Ng4 29. Rh3 Ne5 30. Bh5 Ne6 31. Ne2 Nc4 32. Bf4 Rb7 33. b3 Ne5 34.
Bxe5 Bxe5 35. Re3 1-0

[Event "XXIX European Club Cup"]
[Site "Rodi GRE"]
[Date "2013.10.25"]
[Round "6"]
[White "Tomba, Ivan"]
[Black "Mihajlov, Sebastian"]
[WhiteElo "2257"]
[BlackElo "2194"]
[Result "1/2-1/2"]
[PlyCount "120"]
[EventDate "2013.10.20"]

1. d4 d5 2. c4 c6 3. cxd5 cxd5 4. Nc3 Nf6 5. Bf4 Nc6 6. e3 a6 7. Bd3 Bg4 8.
Nge2 e6 9. O-O Be7 10. Rc1 O-O 11. Na4 Rc8 12. f3 Bh5 13. Qb3 b5 14. Nc5 Bxc5
15. dxc5 Nd7 16. Bd6 Re8 17. Nf4 Bg6 18. Nxg6 hxg6 19. a4 Na5 20. Qb4 Nc4 21.
axb5 Nxd6 22. cxd6 Qb6 23. Qd4 Qxd6 24. Rxc8 Rxc8 25. bxa6 Ne5 26. Ra1 Ra8 27.
Bb5 Qc7 28. b4 Ra7 29. Qc5 Qb8 30. f4 Ng4 31. Be2 Nf6 32. Rc1 Kh7 33. b5 Nd7
34. Qd4 Rc7 35. Ra1 Nb6 36. Kf2 Qa7 37. Ra3 Qb8 38. Rc3 Qc8 39. Rxc7 Qxc7 40.
Qe5 Qa7 41. Qd6 Kg8 42. Qc5 Kh7 43. Ke1 Kg8 44. Kd1 Qb8 45. Kc2 Nd7 46. Qc6 Qa7
47. Qc8+ Kh7 48. Kd2 Nc5 49. Bd3 Qb6 50. Ke2 Nxd3 51. Kxd3 Qxb5+ 52. Kd2 Qa5+
53. Ke2 Qb5+ 54. Kf2 Qa5 55. Kf3 Qa3 56. Kf2 Qa5 57. Qb7 Qd2+ 58. Kf3 Qd1+ 59.
Kf2 Qd2+ 60. Kf3 Qd1+ 1/2-1/2

[Event "XXIX European Club Cup"]
[Site "Rodi GRE"]
[Date "2013.10.25"]
[Round "6"]
[White "Nelis, Jean-Francois"]
[Black "David, Alberto"]
[WhiteElo "2234"]
[BlackElo "2574"]
[Result "0-1"]
[PlyCount "92"]
[EventDate "2013.10.20"]

1. d4 Nf6 2. Bg5 e6 3. c3 h6 4. Bh4 b6 5. Nd2 Bb7 6. e3 d6 7. a4 a5 8. f3 Be7
9. Bb5+ Nbd7 10. Ne2 O-O 11. e4 e5 12. dxe5 Nxe5 13. O-O d5 14. Bg3 c6 15. Bxe5
cxb5 16. Bxf6 Bxf6 17. exd5 Qxd5 18. Ne4 Be7 19. Qxd5 Bxd5 20. Rfd1 Bxe4 21.
fxe4 Bc5+ 22. Kf1 Rae8 23. Ng3 h5 24. b4 axb4 25. cxb4 Bxb4 26. Rab1 Bc5 27.
Rxb5 h4 28. Ne2 Rxe4 29. a5 Re6 30. axb6 Rf6+ 31. Ke1 Bxb6 32. Rd3 Ra8 33. Rdb3
Bf2+ 34. Kd2 Ra1 35. Rb2 g6 36. h3 Kg7 37. Kd3 Re1 38. Rd5 Re6 39. Nf4 R1e3+
40. Kd2 Be1+ 41. Kd1 Ra6 42. Nd3 Bc3 43. Rc2 Ra1+ 44. Rc1 Ra3 45. Nf4 Ra2 46.
Nd3 Rd2# 0-1

[Event "XXIX European Club Cup"]
[Site "Rodi GRE"]
[Date "2013.10.26"]
[Round "7"]
[White "Harikrishna, Pentala"]
[Black "Tisdall, Jonathan D."]
[WhiteElo "2709"]
[BlackElo "2437"]
[Result "1-0"]
[PlyCount "61"]
[EventDate "2013.10.20"]

1. e4 e5 2. Nf3 Nc6 3. d4 exd4 4. Nxd4 Bc5 5. Nb3 Bb6 6. Nc3 Nge7 7. Qe2 O-O 8.
Be3 f5 9. Bxb6 axb6 10. O-O-O d6 11. f4 fxe4 12. g3 Nf5 13. Bg2 b5 14. Kb1 b4
15. Nxe4 Na5 16. Nxa5 Rxa5 17. Qc4+ Kh8 18. Rhe1 h6 19. Qxb4 b6 20. Qd2 Bb7 21.
Nc3 Bxg2 22. Qxg2 Qd7 23. Qe4 Raa8 24. g4 Nh4 25. f5 Qd8 26. a3 Qg5 27. Nd5
Rac8 28. h3 Rf7 29. Rd3 g6 30. f6 b5 31. Rc3 1-0

[Event "XXIX European Club Cup"]
[Site "Rodi GRE"]
[Date "2013.10.26"]
[Round "7"]
[White "Valsecchi, Alessio"]
[Black "Aulin-Jansson, Joran"]
[WhiteElo "2440"]
[BlackElo "2201"]
[Result "0-1"]
[PlyCount "86"]
[EventDate "2013.10.20"]

1. e4 c5 2. Nf3 d6 3. d4 cxd4 4. Nxd4 Nf6 5. Nc3 a6 6. Bg5 e6 7. Qf3 Be7 8.
O-O-O Qc7 9. Qg3 Nbd7 10. Bd3 b5 11. a3 Rb8 12. f4 b4 13. axb4 Rxb4 14. Nf3 Qa5
15. Qe1 h6 16. Bh4 d5 17. exd5 Nc5 18. d6 Bxd6 19. Bb5+ axb5 20. Rxd6 Qa1+ 21.
Kd2 Qxb2 22. Ne5 g5 23. Nc6 O-O 24. Nxb4 Qxb4 25. Kd1 Na4 26. Ne4 Qxe4 27. fxg5
Qg4+ 28. Kc1 Ne4 29. Rd3 Qf4+ 30. Qe3 Qxh4 31. gxh6 Nac5 32. Rd4 Kh7 33. Kb1
Bb7 34. Rf1 e5 35. Rb4 Qxh6 36. Qxh6+ Kxh6 37. Kc1 Bc6 38. g4 f6 39. h4 Ra8 40.
Rf5 Bd7 41. g5+ Kg6 42. Rf3 f5 43. Kb2 Rh8 0-1

[Event "XXIX European Club Cup"]
[Site "Rodi GRE"]
[Date "2013.10.26"]
[Round "7"]
[White "Vocaturo, Daniele"]
[Black "Hammerstad, Asmund"]
[WhiteElo "2557"]
[BlackElo "2275"]
[Result "1-0"]
[PlyCount "99"]
[EventDate "2013.10.20"]

1. e4 e6 2. d4 d5 3. Nc3 Nc6 4. e5 f6 5. Bb5 Bd7 6. Nf3 Qe7 7. Bf4 O-O-O 8. Qd2
Qf7 9. h4 Bb4 10. a3 Bxc3 11. Qxc3 Nge7 12. Bh2 h5 13. O-O Kb8 14. a4 Rc8 15.
b4 Nf5 16. Rfb1 Qg6 17. Bxc6 Bxc6 18. b5 Be8 19. b6 Ka8 20. bxc7 Bc6 21. a5
Rxc7 22. exf6 Rcc8 23. a6 b6 24. Ne5 Qxf6 25. Nxc6 e5 26. dxe5 Qxc6 27. Qd3
Nxh4 28. Rd1 d4 29. Qh3 g5 30. Rxd4 Qxc2 31. Qd7 Rc7 32. Qd5+ Qc6 33. e6 Rcc8
34. Qxc6+ Rxc6 35. Rad1 Rcc8 36. Bc7 Nf5 37. Rd8 Rhxd8 38. Rxd8 Rxd8 39. Bxd8
Ng7 40. e7 Kb8 41. f3 Kc8 42. Kf2 Ne8 43. Ke2 Kd7 44. Kd3 g4 45. fxg4 hxg4 46.
g3 Kc6 47. Kd4 Kb5 48. Kd5 Kxa6 49. Kc6 Ka5 50. Bc7 1-0

[Event "XXIX European Club Cup"]
[Site "Rodi GRE"]
[Date "2013.10.26"]
[Round "7"]
[White "Codenotti, Marco"]
[Black "Berry, Neil"]
[WhiteElo "2374"]
[BlackElo "2254"]
[Result "1/2-1/2"]
[PlyCount "141"]
[EventDate "2013.10.20"]

1. e4 e5 2. Nf3 Nc6 3. Bb5 Nf6 4. O-O Nxe4 5. Re1 Nd6 6. Nxe5 Be7 7. Bf1 Nxe5
8. Rxe5 O-O 9. d4 Bf6 10. Re1 Re8 11. Rxe8+ Nxe8 12. d5 d6 13. Bd3 g6 14. Nd2
Bg7 15. Nf1 Nf6 16. Qf3 Nd7 17. Qg3 Nc5 18. Be2 Qe7 19. Qf3 Bd7 20. Ne3 Re8 21.
Bf1 Qe4 22. Qxe4 Rxe4 23. c3 a5 24. Bd2 b6 25. f3 Re8 26. Rc1 a4 27. Kf2 h5 28.
Nc2 Bf5 29. Nb4 Bf6 30. Be3 Bd7 31. g3 Ra8 32. Bd4 Bg7 33. Re1 Re8 34. Rxe8+
Bxe8 35. Bxc5 dxc5 36. Na6 Be5 37. f4 Bd6 38. a3 h4 39. Nb8 hxg3+ 40. hxg3 f5
41. Ba6 Kf7 42. Bb7 g5 43. Ke3 gxf4+ 44. gxf4 Kf6 45. Bc6 Bxc6 46. Nxc6 Kf7 47.
Kf3 Be7 48. Na7 Ke8 49. Ke3 Kd7 50. Nc6 Kd6 51. Kd3 Bh4 52. c4 Bf6 53. Kc2 Bh4
54. Ne5 Bg3 55. Ng6 Bf2 56. b3 axb3+ 57. Kxb3 Be3 58. a4 c6 59. dxc6 Kxc6 60.
Ne7+ Kb7 61. Nd5 Bf2 62. Kc3 Ka6 63. Kd2 Ka5 64. Ke2 Bg3 65. Kf3 Bh2 66. Kg2
Bxf4 67. Nxf4 Kxa4 68. Nd5 Ka5 69. Kf3 b5 70. cxb5 Kxb5 71. Ne3 1/2-1/2

[Event "XXIX European Club Cup"]
[Site "Rodi GRE"]
[Date "2013.10.26"]
[Round "7"]
[White "Costantini, Roberto"]
[Black "White, Alastair F."]
[WhiteElo "2300"]
[BlackElo "2093"]
[Result "1-0"]
[PlyCount "55"]
[EventDate "2013.10.20"]

1. e4 d5 2. exd5 Nf6 3. d4 Nxd5 4. Nf3 Bf5 5. Be2 e6 6. O-O Be7 7. a3 O-O 8. c4
Nb6 9. Be3 N8d7 10. Qb3 Nf6 11. Nc3 Ne4 12. Rac1 a5 13. Nxe4 Bxe4 14. Nd2 a4
15. Qc3 Bf5 16. Bf3 c6 17. Ne4 Nd7 18. Qd2 Qa5 19. Nc3 Rfd8 20. Qe2 Nf6 21.
Rfd1 e5 22. Bd2 Rxd4 23. Nd5 Qd8 24. Qxe5 Bc5 25. Nxf6+ Qxf6 26. Qxc5 Rad8 27.
Bc3 Rxd1+ 28. Rxd1 1-0

[Event "XXIX European Club Cup"]
[Site "Rodi GRE"]
[Date "2013.10.26"]
[Round "7"]
[White "Oswald, David C."]
[Black "De Filomeno, Simone"]
[WhiteElo "2073"]
[BlackElo "2422"]
[Result "0-1"]
[PlyCount "48"]
[EventDate "2013.10.20"]

1. e4 c5 2. d4 cxd4 3. c3 dxc3 4. Nxc3 Nc6 5. Nf3 e6 6. Bc4 a6 7. O-O b5 8. Bb3
d6 9. Qe2 Nge7 10. Bg5 h6 11. Bh4 b4 12. Nd5 exd5 13. Bxd5 g5 14. Nxg5 hxg5 15.
Bxg5 Qd7 16. Rac1 Bb7 17. Rfd1 Bg7 18. f4 Nd4 19. Qe3 Bxd5 20. exd5 Ndf5 21.
Qe1 f6 22. g4 fxg5 23. gxf5 O-O 24. fxg5 Rxf5 0-1

[Event "XXIX European Club Cup"]
[Site "Rodi GRE"]
[Date "2013.10.26"]
[Round "7"]
[White "Sykes, Chris"]
[Black "Tomba, Ivan"]
[WhiteElo "1925"]
[BlackElo "2257"]
[Result "0-1"]
[PlyCount "49"]
[EventDate "2013.10.20"]

1. d4 Nf6 2. Bf4 c5 3. e3 Nd5 4. Bxb8 Rxb8 5. c4 Qa5+ 6. Nc3 Nxc3 7. Qd2 cxd4
8. exd4 e5 9. bxc3 Be7 10. Rb1 exd4 11. cxd4 Qxd2+ 12. Kxd2 O-O 13. Bd3 Bg5+
14. Kc3 d6 15. Nf3 Bf6 16. Nd2 Be6 17. Rb5 a6 18. Rb6 Bd8 19. Rb2 b5 20. Rhb1
Ba5+ 21. Kc2 Rbc8 22. Nb3 Bb4 23. Nc1 Ba3 24. Rb3 Bxc1 25. Bf1 0-1

[Event "XXIX European Club Cup"]
[Site "Rodi GRE"]
[Date "2013.10.26"]
[Round "7"]
[White "David, Alberto"]
[Black "Stefansson, Hannes Hlifar"]
[WhiteElo "2574"]
[BlackElo "2521"]
[Result "1/2-1/2"]
[PlyCount "86"]
[EventDate "2013.10.20"]

1. e4 e5 2. Nf3 Nc6 3. Bb5 a6 4. Ba4 Nf6 5. d3 b5 6. Bb3 Be7 7. O-O O-O 8. Re1
d6 9. c3 Na5 10. Bc2 c5 11. Nbd2 Nc6 12. Nf1 Re8 13. Ng3 Bf8 14. a4 Rb8 15.
axb5 axb5 16. Bg5 h6 17. Bxf6 Qxf6 18. Bb3 Be6 19. Ra6 Rec8 20. Bd5 Bd7 21. Qb3
g6 22. d4 exd4 23. e5 Qg7 24. cxd4 c4 25. Qd1 Nb4 26. Ra7 Nxd5 27. Rxd7 Rc7 28.
Rxc7 Nxc7 29. Ne4 d5 30. Nf6+ Kh8 31. Qd2 Ra8 32. Qf4 Be7 33. Qg3 b4 34. Qh3
Bxf6 35. exf6 Qxf6 36. Qd7 Ne6 37. Qxd5 Rd8 38. Qxc4 Nxd4 39. Nxd4 Rxd4 40. Qe2
Kg7 41. g3 Qd6 42. Qf3 Rd2 43. Re2 Qd4 1/2-1/2